Concise Crossword Dictionary

Bibliographic Details
Format: Book
Published: London : Tiger Books Internatioal PLC , 1993
Subjects:

MARC

LEADER 00000cam a2200000 7i4500
001 0000050319
005 20150709.0
008 150709
020 |a 185501326 
020 |a 9781855013261 
090 0 0 |a R423   |b CON 
245 1 0 |a Concise Crossword Dictionary 
260 |a London :   |b Tiger Books Internatioal PLC ,   |c 1993 
650 0 |a English language   |x Crossword 
650 0 |a Inggeris language   |x Dictionaries   |x Polyglof 
999 |a 0000794279   |b Book   |c Adult Collection   |e Cawangan Segamat